000 00707nam a2200229Ia 4500
005 20241129104124.0
008 241129s9999||||xx |||||||||||||| ||und||
020 _a9781138310902
037 _aTextual
040 _aRTL
_beng
_cRTL
041 _aeng
_2eng
084 _aX:87:(S) R1
_qRTL
100 _aBradley-Cole Kim; Denicolo Pam
_9724875
245 0 _aConstructividt coaching: A practical guide to unlocking potential alternative futures
_cBradley-Cole Kim; Denicolo Pam
260 _aNew York
_bRoutledge
_c2021
300 _axv,205p.
365 _aINR
_b2514.99
490 _aCoaching Psychology
650 _aCommerce
942 _cTB
_hX:87:(S) R1
999 _c1224515
_d1224515